000 00680nam a2200205Ia 4500
001 14844
003 GE_BSU
008 181216s||||||||xx |||||||||||||| ||und||
040 _cGE_BSU
080 _a681(075.8)
100 _aБухтияров, А.М. Зикевская,Л.М, Фролов,Г.Д.
245 _aСборник задач по программированию
245 _cПод ред.Н.А.Криницкого
260 _aМосква
260 _bНаука
260 _c1973
300 _a286стр.22см.
653 _aСборник задач по программированию на алгоритмических языках
942 _cBK
999 _c47967
_d47967